The analytical Hebrew and Chaldee lexicon : (Record no. 1299)

MARC details
000 -LEADER
fixed length control field 00816cam a2200277Ia 4500
001 - CONTROL NUMBER
control field 83112
003 - CONTROL NUMBER IDENTIFIER
control field GBCCL
005 - DATE AND TIME OF LATEST TRANSACTION
control field 20241126110358.0
008 - FIXED-LENGTH DATA ELEMENTS--GENERAL INFORMATION
fixed length control field 870415r19741970miu 000 0 eng
010 ## -
-- 76106439
020 ## - INTERNATIONAL STANDARD BOOK NUMBER
International Standard Book Number 0310398916
035 ## - SYSTEM CONTROL NUMBER
System control number (OCoLC)15532868
040 ## - CATALOGING SOURCE
Original cataloging agency DLC
Transcribing agency MZN
041 0# -
-- engarcheb
049 ## -
-- LBBQ
-- LBBK
-- LBBN
-- LBB1
082 ## - DEWEY DECIMAL CLASSIFICATION NUMBER
Classification number 292.4
Item number DAV
100 1# - MAIN ENTRY--PERSONAL NAME
Personal name Davidson, Benjamin,
Dates associated with a name d. 1871.
9 (RLIN) 2514
245 14 - TITLE STATEMENT
Title The analytical Hebrew and Chaldee lexicon :
Statement of responsibility, etc. Benjamin Davidson.
250 ## - EDITION STATEMENT
Edition statement soft cover ed.
260 ## - PUBLICATION, DISTRIBUTION, ETC.
Place of publication, distribution, etc. Grand Rapids, Mich. :
Name of publisher, distributor, etc. Zondervan,
Date of publication, distribution, etc. 1993.
300 ## - PHYSICAL DESCRIPTION
Extent 90, 784 p. ;
Dimensions 25 cm.
500 ## - GENERAL NOTE
General note Originally published in 1848.
650 #0 - SUBJECT ADDED ENTRY--TOPICAL TERM
Topical term or geographic name entry element Hebrew language
General subdivision Dictionaries
-- English.
9 (RLIN) 2515
650 #0 - SUBJECT ADDED ENTRY--TOPICAL TERM
Topical term or geographic name entry element Hebrew language
General subdivision Inflection.
9 (RLIN) 1365
942 ## - ADDED ENTRY ELEMENTS (KOHA)
Source of classification or shelving scheme Dewey Decimal Classification
Koha item type Language
Holdings
Withdrawn status Lost status Source of classification or shelving scheme Damaged status Not for loan Home library Current Library Shelving location Date acquired Total checkouts Full call number Barcode Date last seen Copy number Price effective from Koha item type
    Dewey Decimal Classification     GRACE BIBLE COLLEGE GRACE BIBLE COLLEGE Language 2017-04-24   292.4 DAV 005606 2025-05-01 c.1 2017-04-24 Language
© Grace Bible College Library 2025